HUMAN ANATOMY AND PHYSIOLOGY (Record no. 1220597)

MARC details
000 -LEADER
fixed length control field 00420nam a2200157Ia 4500
008 - FIXED-LENGTH DATA ELEMENTS--GENERAL INFORMATION
fixed length control field 260417s2023 xx 000 0 und d
041 ## - LANGUAGE CODE
Language code of text/sound track or separate title eng
082 ## - DEWEY DECIMAL CLASSIFICATION NUMBER
Classification number 612/WAN
Item number DI-1286
100 ## - MAIN ENTRY--PERSONAL NAME
Personal name NITU WANKHEDE
245 ## - TITLE STATEMENT
Title HUMAN ANATOMY AND PHYSIOLOGY
250 ## - EDITION STATEMENT
Edition statement 3RD ed
260 ## - PUBLICATION, DISTRIBUTION, ETC.
Place of publication, distribution, etc. PUNE
Name of publisher, distributor, etc. 2023
-- TECH KNOWLEDGE PUB.
300 ## - PHYSICAL DESCRIPTION
Extent P.B.15.21/4p
650 ## - SUBJECT ADDED ENTRY--TOPICAL TERM
Topical term or geographic name entry element HUMAN ANATOMY AND PHYSIOLOGY
700 ## - ADDED ENTRY--PERSONAL NAME
Personal name DR.AMAN UPAGANDWAR
Holdings
Withdrawn status Lost status Damaged status Not for loan Home library Current library Date acquired Cost, normal purchase price Total Checkouts Full call number Barcode Date due Date last seen Date last checked out Price effective from Koha item type
        College of Pharmacy, Kolhapur College of Pharmacy, Kolhapur 31/03/2025 375.00 3 DI-1286/612/WAN PCK-DI-1286 16/05/2026 16/05/2026 16/05/2026 17/04/2026 Book